<?xml version="1.0" encoding="UTF-8"?>
<record
    xmlns:xsi="http://www.w3.org/2001/XMLSchema-instance"
    xsi:schemaLocation="http://www.loc.gov/MARC21/slim http://www.loc.gov/standards/marcxml/schema/MARC21slim.xsd"
    xmlns="http://www.loc.gov/MARC21/slim">

  <leader>02581nam a2200241   4500</leader>
  <controlfield tag="005">20260305112755.0</controlfield>
  <controlfield tag="008">260305b           ||||| |||| 00| 0 eng d</controlfield>
  <datafield tag="020" ind1=" " ind2=" ">
    <subfield code="a">9789390457151</subfield>
  </datafield>
  <datafield tag="040" ind1=" " ind2=" ">
    <subfield code="c">aloy</subfield>
  </datafield>
  <datafield tag="041" ind1=" " ind2=" ">
    <subfield code="a">eng</subfield>
  </datafield>
  <datafield tag="082" ind1=" " ind2=" ">
    <subfield code="a">005.1732</subfield>
    <subfield code="b">RAOC</subfield>
  </datafield>
  <datafield tag="100" ind1=" " ind2=" ">
    <subfield code="a">Nageswara Rao R</subfield>
    <subfield code="9">257742</subfield>
  </datafield>
  <datafield tag="245" ind1=" " ind2=" ">
    <subfield code="a">Core Python Programming Rev Ed 3</subfield>
  </datafield>
  <datafield tag="250" ind1=" " ind2=" ">
    <subfield code="a">3</subfield>
  </datafield>
  <datafield tag="260" ind1=" " ind2=" ">
    <subfield code="a">New Delhi</subfield>
    <subfield code="b">Dreamtech Press</subfield>
    <subfield code="c">2025</subfield>
  </datafield>
  <datafield tag="300" ind1=" " ind2=" ">
    <subfield code="a">xxi,765 p</subfield>
    <subfield code="b">PB</subfield>
    <subfield code="c">24.5x18 cm</subfield>
  </datafield>
  <datafield tag="365" ind1=" " ind2=" ">
    <subfield code="2">Computer Science and Engineering</subfield>
    <subfield code="a">ABDI/0854/26</subfield>
    <subfield code="b">2</subfield>
    <subfield code="c">&#x20B9;636.75</subfield>
    <subfield code="d">&#x20B9;849.00</subfield>
    <subfield code="e">25%</subfield>
    <subfield code="f">19-02-2026</subfield>
  </datafield>
  <datafield tag="520" ind1=" " ind2=" ">
    <subfield code="a">Product Description This book covers all concepts in simple and easy to understand English. It helps to build logic, which becomes a stepping stone for programming. Hundreds of solved programs help students of different universities do well in their examinations and job interviews. It works like a handy reference to the Software professionals in their programming. Every chapter is supplemented with &#x2018;Points to Remember&#x2019; to recap and retain the subject. About the Author Dr. R. Nageswara Rao, the author of the best seller &#x2018;Core Java - an Integrated Approach&#x2019; and &#x2018;Core C&#x2019; comes out with this remarkable new book &#x2018;Core Python Programming&#x2019;. College students can use this book to learn Python from scratch and professionals can use it for their reference. Dr R Nageswara Rao started his teaching career in 1993 as HOD, Dept of Computers under Andhra and Osmania Universities. Later, he became a Project Manager in a startup company and also worked as a freelance developer for a couple of organizations.
TABLE OF CONTENTS: Chapter 1: Introduction to Python Chapter 2: Writing Our First Python Program Chapter 3: Datatypes in Python Chapter 4: Operators in Python Chapter 5: Input and Output Chapter 6: Control Statements Chapter 7: Arrays in Python Chapter 8: Strings and Characters Chapter 9: Functions Chapter 10: Lists and Tuples Chapter 11: Dictionaries Chapter 12: Introduction to OOPS Chapter 13: Classes and Objects Chapter 14: Inheritance and Polymorphism Chapter 15: Abstract Classes and Interfaces Chapter 16: Exceptions Chapter 17: Files in Python Chapter 18: Regular Expressions in Python Chapter 19: Data Structures in Python Chapter 20: Date and Time Chapter 21: Threads Chapter 22: Graphical User Interface Chapter 23: Networking in Python Chapter 24: Python&#x2019;s Database Connectivity Chapter 25: Data Science Using Python Chapter 26: PyCharm and Jupyter</subfield>
  </datafield>
  <datafield tag="650" ind1=" " ind2=" ">
    <subfield code="a">Polymorphism</subfield>
    <subfield code="9">257683</subfield>
  </datafield>
  <datafield tag="650" ind1=" " ind2=" ">
    <subfield code="a">Oops</subfield>
    <subfield code="9">257684</subfield>
  </datafield>
  <datafield tag="650" ind1=" " ind2=" ">
    <subfield code="a">Pycharm and Jupyter</subfield>
    <subfield code="9">257685</subfield>
  </datafield>
  <datafield tag="942" ind1=" " ind2=" ">
    <subfield code="2">ddc</subfield>
    <subfield code="c">BK</subfield>
  </datafield>
  <datafield tag="999" ind1=" " ind2=" ">
    <subfield code="c">241004</subfield>
    <subfield code="d">241004</subfield>
  </datafield>
  <datafield tag="952" ind1=" " ind2=" ">
    <subfield code="0">0</subfield>
    <subfield code="1">0</subfield>
    <subfield code="2">ddc</subfield>
    <subfield code="4">0</subfield>
    <subfield code="7">0</subfield>
    <subfield code="8">CSE</subfield>
    <subfield code="a">SE</subfield>
    <subfield code="b">SE</subfield>
    <subfield code="d">2026-02-19</subfield>
    <subfield code="e">Academic Book Distributors, Bengaluru-562159</subfield>
    <subfield code="g">636.75</subfield>
    <subfield code="l">0</subfield>
    <subfield code="o">005.133 RAOC</subfield>
    <subfield code="p">SE000248</subfield>
    <subfield code="r">2026-03-05 10:15:02</subfield>
    <subfield code="v">849.00</subfield>
    <subfield code="w">2026-02-19</subfield>
    <subfield code="y">BK</subfield>
  </datafield>
  <datafield tag="952" ind1=" " ind2=" ">
    <subfield code="0">0</subfield>
    <subfield code="1">0</subfield>
    <subfield code="2">ddc</subfield>
    <subfield code="4">0</subfield>
    <subfield code="7">0</subfield>
    <subfield code="8">CSE</subfield>
    <subfield code="a">SE</subfield>
    <subfield code="b">SE</subfield>
    <subfield code="d">2026-02-19</subfield>
    <subfield code="e">Academic Book Distributors, Bengaluru-562159</subfield>
    <subfield code="g">636.75</subfield>
    <subfield code="l">0</subfield>
    <subfield code="o">005.133 RAOC</subfield>
    <subfield code="p">SE000249</subfield>
    <subfield code="r">2026-03-05 10:15:02</subfield>
    <subfield code="v">849.00</subfield>
    <subfield code="w">2026-02-19</subfield>
    <subfield code="y">BK</subfield>
  </datafield>
  <datafield tag="952" ind1=" " ind2=" ">
    <subfield code="0">0</subfield>
    <subfield code="1">0</subfield>
    <subfield code="2">ddc</subfield>
    <subfield code="4">0</subfield>
    <subfield code="7">0</subfield>
    <subfield code="8">CSE</subfield>
    <subfield code="a">SE</subfield>
    <subfield code="b">SE</subfield>
    <subfield code="d">2026-02-20</subfield>
    <subfield code="e">Vidyathri Books, Bengaluru-560076</subfield>
    <subfield code="g">636.75</subfield>
    <subfield code="l">0</subfield>
    <subfield code="o">005.133 RAOC</subfield>
    <subfield code="p">SE000335</subfield>
    <subfield code="r">2026-03-16 10:02:08</subfield>
    <subfield code="v">849.00</subfield>
    <subfield code="w">2026-02-20</subfield>
    <subfield code="y">BK</subfield>
  </datafield>
</record>
